00358nam a2200157Ia 4500003000400000005001700004008004000021020001800061040000700079041000800086082001700094100001900111245002900130260003200159300000900191OSt20251206093454.0210210b2010 xxu||||| |||| 00| 0 eng d a9781447223054 cAL aeng a823.914 ARCA aJeffrey Archer aAnd thereby hangs a tale aLondonbPan Books Ltdc2010 a290p